书目信息 |
| 题名: |
全国大学生书法竞赛获奖作品集
|
|
| 作者: | ;共青团中央学校部 编 | |
| 分册: | ||
| 出版信息: | 北京 中国青年出版社 1983 |
|
| 页数: | 56页 | |
| 开本: | 25cm | |
| 丛书名: | ||
| 单 册: | ||
| 中图分类: | J292.28 | |
| 科图分类: | ||
| 主题词: | 法书--中国--现代--选集 | |
| 电子资源: | ||
| ISBN: | ||
| 000 | 00725nam0 2200241 45 | |
| 001 | 0183004229 | |
| 005 | 20040520151946.5 | |
| 010 | @dCNY0.60 | |
| 091 | @a809.42 | |
| 100 | @a19950629d1983 em y0chiy0121 ea | |
| 101 | 0 | @achi |
| 102 | @aCN@b110000 | |
| 105 | @ay z 000yy | |
| 106 | @ar | |
| 200 | 10 | @a全国大学生书法竞赛获奖作品集@Aquan guo da xue sheng shu fa jing sai huo jiang zuo pin ji@f共青团中央学校部编 |
| 210 | @a北京@c中国青年出版社@d1983 | |
| 215 | @a56页@d25cm | |
| 606 | @a法书@y中国@z现代@x选集 | |
| 690 | @aJ292.28@v3 | |
| 711 | 02 | @a共青团中央学校部@Agong qing tuan zhong yang xue xiao bu@4编 |
| 801 | 0 | @aCN@b上海图书馆@c20040520 |
| 801 | 2 | @aCN@bNLC@c20040520 |
| 905 | @f1@b228359@dJ292.28@e225 | |
| 全国大学生书法竞赛获奖作品集/共青团中央学校部编.-北京:中国青年出版社,1983 |
| 56页;25cm |
| ISBN :CNY0.60 |
| ● |
| 相关链接 |
|
|
|
|
正题名:全国大学生书法竞赛获奖作品集
索取号:J292.28/225
 
预约/预借
| 序号 | 登录号 | 条形码 | 馆藏地/架位号 | 状态 | 备注 |
| 1 | 0228359 | 000697080 | 第一样本阅览室/ [索取号:J292.28/225] | 在馆 |